000 00557nam a2200217Ia 4500
003 OSt
005 20220928144801.0
006 a|||||r|||| 00| 0
007 ta
008 220927b |||||||| |||| 00| 0 eng d
024 _a76087
037 _cAnnuals, Advances
040 _aSDCL
_cSDCL
_beng
041 _2eng
_aeng
082 _aX:75.2'N8, M7
100 _aChakravarty Sukhamoy
245 0 _aDevelopment planning.
260 _c1987
942 _hX:75.2'N8, M7
_cREF
_2CC
999 _c829681
_d829681